Luật đầu tư nước ngoài tại Việt Nam và hướng dẫn thi hành = Law on foreingn investment in Vietnam and implementation documents
Luật đầu tư nước ngoài tại Việt Nam. Nghị định hướng dẫn thi hành luật đầu tư nước ngoài tại Việt Nam
Đã lưu trong:
| 格式: | 图书 |
|---|---|
| 语言: | Undetermined |
| 出版: |
Hà Nội
Chính trị Quốc gia
1997
|
| 主题: | |
| 标签: |
添加标签
没有标签, 成为第一个标记此记录!
|
| Thư viện lưu trữ: | Trung tâm Học liệu Trường Đại học Cần Thơ |
|---|
| LEADER | 00803nam a2200193Ia 4500 | ||
|---|---|---|---|
| 001 | CTU_19446 | ||
| 008 | 210402s9999 xx 000 0 und d | ||
| 020 | |c 19000 | ||
| 082 | |a 346.597092 | ||
| 082 | |b L504 | ||
| 245 | 0 | |a Luật đầu tư nước ngoài tại Việt Nam và hướng dẫn thi hành = | |
| 245 | 0 | |b Law on foreingn investment in Vietnam and implementation documents | |
| 260 | |a Hà Nội | ||
| 260 | |b Chính trị Quốc gia | ||
| 260 | |c 1997 | ||
| 520 | |a Luật đầu tư nước ngoài tại Việt Nam. Nghị định hướng dẫn thi hành luật đầu tư nước ngoài tại Việt Nam | ||
| 650 | |a Investments, vietnamese | ||
| 904 | |i Nguyên sửa | ||
| 980 | |a Trung tâm Học liệu Trường Đại học Cần Thơ | ||